Campo Elías Romero Fuenmayor : textos escogidos (1976-2001) /
Guardat en:
| Autor principal: | |
|---|---|
| Altres autors: | , |
| Format: | Electrònic eBook |
| Idioma: | espanyol |
| Publicat: |
Área metropolitana de Barranquilla, Colombia :
Universidad del Norte Editorial,
[2021]
|
| Matèries: | |
| Accés en línia: | Digitalia Hispánica |
| Etiquetes: |
Afegir etiqueta
Sense etiquetes, Sigues el primer a etiquetar aquest registre!
|
MARC
| LEADER | 00000nam a2200000Ii 4500 | ||
|---|---|---|---|
| 001 | DIGUNINOR0386 | ||
| 003 | NyNyDIG | ||
| 006 | m o d | ||
| 007 | cr ||||||||||| | ||
| 008 | 220629s2021 ck a o 000 0 spa d | ||
| 035 | |a (OCoLC)1335131816 | ||
| 040 | |a DGITA |b eng |e rda |e pn |c DGITA | ||
| 020 | |a 9789587892512 |q pdf | ||
| 020 | |z 9789587892505 | ||
| 043 | |a s-ck--- | ||
| 050 | 1 | 4 | |a PN4749 ebook |
| 100 | 1 | |a Romero Fuenmayor, Campo Elías, |d 1944-2001, |e author. | |
| 245 | 1 | 0 | |a Campo Elías Romero Fuenmayor : |b textos escogidos (1976-2001) / |c Carmen Elisa Escobar María, Orlando Araújo Fontalvo, (directores) |
| 264 | 1 | |a Área metropolitana de Barranquilla, Colombia : |b Universidad del Norte Editorial, |c [2021] | |
| 300 | |a 1 online resource : |b illustrations. | ||
| 336 | |a text |b txt |2 rdacontent | ||
| 337 | |a computer |b c |2 rdamedia | ||
| 338 | |a online resource |b cr |2 rdacarrier | ||
| 347 | |a text file |2 rdaft | ||
| 347 | |b PDF | ||
| 588 | 0 | |a Online resource; title from PDF title page (Digitalia, viewed June 29, 2022) | |
| 600 | 1 | 0 | |a Romero Fuenmayor, Campo Elías, |d 1944-2001. |
| 650 | 0 | |a Newspapers |x Sections, columns, etc. |z Colombia. | |
| 650 | 0 | |a Journalism |z Colombia |z Barranquilla. | |
| 651 | 0 | |a Colombia |x Social life and customs. | |
| 655 | 0 | |a Electronic books. | |
| 700 | 1 | |a Escobar María, Carmen Elisa, |e editor. | |
| 700 | 1 | |a Araújo Fontalvo, Orlando, |e editor. | |
| 791 | 2 | |a Digitalia (Firm), |e distributor. | |
| 793 | 0 | |g Digitalia eBook Collection: |a Ediciones Uninorte | |
| 776 | 0 | 8 | |i Print version: |a Romero Fuenmayor, Campo Elías, 1944-2001. |t Campo Elías Romero Fuenmayor. |d Área metropolitana de Barranquilla, Colombia : Universidad del Norte Editorial, [2021] |z 9789587892505 |
| 856 | 4 | 0 | |3 Digitalia Hispánica |u https://digitalia.unach.elogim.com/a/101338/ |
| 910 | |a Premium collection: 2022 | ||